000 00564nam a2200181Ia 4500
005 20250923145924.0
008 008 250917s9999 xx 000 0 eng d
037 _aTextual
040 _aDSWL
_beng
_cDSWL
041 _aeng
_2eng
084 _aY15:45.2'N94t4, N94
_qDSWL
100 _aMurthy, L.
_9840329
245 0 _aMinar Girls as critnes of crime: A study of 30 cases Indu ressnanal custody
_c by L. Murthy
260 _aDelhi
_bD.S.S.W.
_c1994
300 _a182p.
942 _cTEXL
_hY15:45.2'N94t4, N94
999 _c1457387
_d1457387